000 00916pam a2200289 a 4500
001 553
005 20230616114430.0
008 870202s1988 nyu j 000 1 eng
020 _a0590413635 :
_c$10.95
020 _a0590410016
040 _aDLC
_cDLC
_dDLC
_beng
050 0 0 _aPZ7.W696514
_bOh 1988
082 0 0 _a[Fic]
_219
100 1 _aWilson, Johnniece Marshall.
245 1 0 _aOh, brother /
_cJohnniece Marshall Wilson.
260 _aNew York :
_bScholastic,
_c1988.
300 _a121 pages. ;
_c22 cm.
505 _aK
520 _aAlex's older brother bullies him, taking his bicycle and his money, until Alex discovers a way to stand up for himself.
521 _a620
_bLexile
521 _aK
_bRaz-Plus
650 1 _aBrothers
_vFiction.
650 1 _aAssertiveness
_vFiction.
650 1 _aAfrican Americans
_vFiction.
906 _a7
_bcbc
_corignew
_d1
_eocip
_f19
_gy-gencatlg
942 _2ddc
_cBK
_n0
999 _c553
_d553